សហគមន៏កសិករដាំបន្លែ នៅក្នុងភូមិជក់ពរ ឃុំបឺងត្រាញ់ខាងត្បូង ស្រុកសំរោង ខេត្តតាកែវ (Record no. 7718)

000 -LEADER
fixed length control field 00608nam a22001577a 4500
003 - CONTROL NUMBER IDENTIFIER
control field OSt
005 - DATE AND TIME OF LATEST TRANSACTION
control field 20160322144223.0
008 - FIXED-LENGTH DATA ELEMENTS--GENERAL INFORMATION
fixed length control field 160322b xxu||||| |||| 00| 0 eng d
040 ## - CATALOGING SOURCE
Transcribing agency RUA
082 ## - DEWEY DECIMAL CLASSIFICATION NUMBER
Classification number AGR EK 2004 B473 Or.1
100 ## - MAIN ENTRY--PERSONAL NAME
9 (RLIN) 8109
Personal name EK SAMANG; ឯក សំអាង
245 ## - TITLE STATEMENT
Title សហគមន៏កសិករដាំបន្លែ នៅក្នុងភូមិជក់ពរ ឃុំបឺងត្រាញ់ខាងត្បូង ស្រុកសំរោង ខេត្តតាកែវ
260 ## - PUBLICATION, DISTRIBUTION, ETC. (IMPRINT)
Place of publication, distribution, etc. Phnom Penh
Name of publisher, distributor, etc. RUA
Date of publication, distribution, etc. 2004
300 ## - PHYSICAL DESCRIPTION
Extent 24p.
Other physical details ill.
Dimensions 29cm.
942 ## - ADDED ENTRY ELEMENTS (KOHA)
Source of classification or shelving scheme
Koha item type AGR
Holdings
Price effective from Date last seen Permanent Location Not for loan Date acquired Source of classification or shelving scheme Koha item type Barcode Lost status Damaged status Shelving location Withdrawn status Current Location Full call number
2016-03-222016-03-22Library Block B 2016-03-22 AGRRUA40953  B473 Library Block BAGR EK 2004 B473 Or.1
មជ្ឈមណ្ឌលឯការនៃសាកលវិទ្យាល័យភូមិន្ទកសិកម្មចំការដូង

Powered by Koha